Statistics for 100 Largest U.S. Cities - 2024

Click here to take the quiz!

General Stats

  • This quiz has been taken 119 times
  • The average score is 75 of 100

Answer Stats

StatePopulationAnswer% Correct
TX1,317,210Dallas
100%
TX2,325,324Houston
100%
CA3,790,742Los Angeles
100%
IL2,599,059Chicago
98%
NY8,089,689New York City
98%
OK707,678Oklahoma City
98%
AZ1,682,515Phoenix
98%
CA1,394,518San Diego
98%
CA802,805San Francisco
98%
D.C.677,827Washington
98%
CO717,110Denver
97%
IN877,023Indianapolis
97%
FL464,544Miami
97%
PA1,522,814Philadelphia
97%
TX1,510,687San Antonio
97%
TX984,655Austin
95%
MA643,044Boston
95%
FL1,000,135Jacksonville
95%
WA784,754Seattle
95%
OH917,811Columbus
93%
NV667,282Las Vegas
93%
TN611,204Memphis
93%
TN694,598Nashville
93%
OR618,451Portland
93%
CA532,101Sacramento
93%
GA512,047Atlanta
91%
MD555,831Baltimore
91%
NC928,154Charlotte
91%
OH354,043Cleveland
91%
TX995,049Fort Worth
91%
MO509,993Kansas City
91%
NC489,977Raleigh
91%
MI604,794Detroit
90%
KY617,914Louisville
90%
WI558,235Milwaukee
90%
FL328,535Orlando
90%
CA950,767San Jose
90%
TX675,418El Paso
88%
MO272,610St. Louis
88%
FL408,733Tampa
88%
MN426,018Minneapolis
86%
LA355,121New Orleans
86%
NM556,808Albuquerque
84%
NY273,768Buffalo
84%
OH311,169Cincinnati
84%
PA297,812Pittsburgh
83%
VA449,494Virginia Beach
83%
NE478,443Omaha
81%
AZ557,254Tucson
79%
OK410,061Tulsa
79%
CO492,088Colorado Springs
78%
HI337,075Honolulu
78%
WI282,967Madison
78%
CA419,077Oakland
78%
VA232,981Richmond
78%
CA548,881Fresno
76%
MN295,228St. Paul
76%
NJ301,408Newark
74%
KS395,218Wichita
72%
ID233,860Boise
71%
AZ518,816Mesa
71%
NV280,294Reno
71%
TX397,250Arlington
69%
NE294,929Lincoln
69%
AK284,031Anchorage
67%
KY320,095Lexington
66%
CO399,871Aurora
64%
NJ290,726Jersey City
64%
CA341,035Anaheim
62%
CA413,783Bakersfield
62%
TX313,061Corpus Christi
60%
NC297,430Durham
60%
NC252,206Winston-Salem
60%
NV349,403Henderson
59%
CA445,253Long Beach
59%
TX269,392Lubbock
59%
VA228,935Norfolk
59%
CA334,468Riverside
59%
WA231,132Spokane
59%
IN271,037Fort Wayne
57%
NC304,895Greensboro
57%
FL265,602St. Petersburg
57%
NV299,381North Las Vegas
53%
CA307,025Santa Ana
53%
AZ283,175Chandler
50%
TX256,771Laredo
48%
AZ243,590Scottsdale
48%
CA320,243Stockton
48%
TX291,249Plano
47%
OH261,415Toledo
47%
CA330,863Irvine
45%
CA283,494Chula Vista
43%
AZ256,622Glendale
41%
TX255,023Irving
41%
VA253,986Chesapeake
36%
TX236,599Frisco
36%
AZ279,628Gilbert
36%
TX238,184Garland
34%
FL259,514Port St. Lucie
33%
FL243,026Cape Coral
31%

Score Distribution

Percentile by Number Answered

Percent of People with Each Score

Your Score History

You have not taken this quiz